LEADER 01260nam a2200265 u 4500 001 000000046984 003 CaOOAMICUS 005 20070226114832.0 008 990723s1949 it u000 u ita u 035 $a10830805 040 $aMSA$bita 100 1 $aSanfilippo, Cesare.$0(OLS)http://pul/name/20129 245 10$aBibliografia romanistica italiana :$b(1939-1949) /$cCesare Sanfilippo. 260 $aCatania :$bFacoltà giuridica,$c1949. 300 $a101 p. ;$c26 cm 490 1 $aUniversità di Catania. Pubblicazioni della facoltà di giurisprudenza ;$v12 650 4$aDiritto romano$xBibliografia.$0(OLS)http://pul/subject/19866 710 2 $aFacoltà di giurisprudenza (Università degli studi di Catania).$0(OLS)http://pul/name/34195 830 0$aPubblicazione della facoltà di giurisprudenza (Università di Catalia) ;$v12.$0(OLS)http://pul/title/63239 850 $aPUL 852 $aPUL$W1$xDP1 Cons. Gen., Altre Classi 1$y22$m827 E 29$j62859$nBK-PRI$b $qStampati$B62859$CPULBib$Z2$F62859 $H $81 941 1 $a8 961 $aINV: 13779 996 $6245$aBibliografia romanistica italiana :$b(1939-1949)$9(OLS)http://pul/title/63238 996 $6260$aCatania :$bFacoltà giuridica$9(OLS)http://pul/publisher/66748 LEADER 01454nam a2200313 a 4500 001 000000157792 003 CaOOAMICUS 005 20170111124149.0 006 a 000 u 008 170111s2016 it u000 u ita r 032 $aLibriCat 040 $aPUL$bita 100 1 $aNataloni, Erika Maria.$0(OLS)http://pul/name/100718 245 10$aVerità e metodi di risoluzione alternativa delle controversie nel diritto canonico / $cErika Maria Nataloni. 260 $aRoma :$b[s.n.],$c2016. 300 $a110 p.;$c24 cm 500 $aIn testa al front: Pontificia Universitas Lateranensis. Facultas Iuris Canonici. 502 $aTesi-- Pontificia Universitas Lateranensis--Facoltà di Diritto Canonico, 2016. 504 $aBibliografia: p. [95]-110. 650 4$aProva (diritto canonico).$0(OLS)http://pul/subject/39931 650 4$aDiritto processuale canonico.$0(OLS)http://pul/subject/29586 710 2 $aPontificia Università Lateranense.$bFacoltà di diritto canonico.$kTesi.$0(OLS)http://pul/name/81682 850 $aPUL 852 $aPUL$W1$xDP1 Tesi Pon Univ. Lateranense$y41$m2016 C 36$j181125$qTesi$B184258$CPULBib$Z2$F184258 $82 941 1 $a16 960 $aDiritto canonico processuale$929586 996 $6245$aVerità e metodi di risoluzione alternativa delle controversie nel diritto canonico / $9(OLS)http://pul/title/197388 996 $6260$aRoma :$b[s.n.]$9(OLS)http://pul/publisher/47958